Vivre avec le sida : actes du colloque des gais pour les libertes : Paris 26 novembre 1988.
Saved in:
| Institution som forfatter: | |
|---|---|
| Format: | Bog |
| Sprog: | fransk |
| Udgivet: |
Paris :
Gais pour les libertes (GPL),
[1988?]
|
| Tags: |
Ingen Tags, Vær først til at tagge denne postø!
|
MARC
| LEADER | 00000nam a22000007i 4500 | ||
|---|---|---|---|
| 001 | IT\ICCU\UBO\3642020 | ||
| 003 | ItRI | ||
| 005 | 20260115232227.0 | ||
| 008 | 090528s1988 fr |||||| ||||| |||||c | ||
| 040 | |b ita |c importazione bologna sebina | ||
| 041 | 7 | |a fre |2 ISO-639-2 | |
| 110 | 2 | |a Gais pour les libertes |0 IT\ICCU\UBOV\339756 |4 aut | |
| 245 | 0 | 0 | |a Vivre avec le sida : |b actes du colloque des gais pour les libertes : Paris 26 novembre 1988. |
| 260 | |a Paris : |b Gais pour les libertes (GPL), |c [1988?] | ||
| 300 | |a 46 p. ; |c 30 cm | ||
| 500 | |a Tit. della cop. | ||
| 942 | |2 ddc |c BK |n 0 | ||
| 952 | |0 0 |1 0 |4 0 |6 A_616_979000000000000_GPL |7 0 |9 22385 |a BO |b BO |d 2026-01-15 |i 2356 |l 0 |o A 616.979 GPL |p BO2356 |r 2026-01-15 23:22:27 |w 2026-01-15 |x [Sebina 5] [1 v.] |y BK |z 1 v. | ||
| 999 | |c 19117 |d 19117 | ||